| 000 | 00513nam a2200145Ia 4500 | ||
|---|---|---|---|
| 008 | 100204s9999 xx 000 0 und d | ||
| 082 | _b27281 | ||
| 100 | _aगोगटे शकुंतला | ||
| 245 | _aचांदणे शिंपित जा | ||
| 260 |
_b"मॅजेस्टिक प्रकाशन , मुंबई" _c2006 |
||
| 300 | _a175 | ||
| 630 | _aचांदणे शिंपित जा | ||
| 730 | _aचांदणे शिंपित जा | ||
| 942 | _cBOOK | ||
| 999 |
_c472457 _d472454 |
||